Управление операционной средой организации: учебник

Dades bibliogràfiques
Autor principal: Моисеева Н. К.
Autor corporatiu: Высшая школа экономики (ГУ-ВШЭ) Высшая школа менеджмента (ВШМ)
Altres autors: Стерлигова А. Н.
Sumari:Учебник содержит материал по комплекс) дисциплин, связанных с операционной средой принятия управленческих решений. Данные дисциплины изучаются в рамках программ высшего и дополнительного высшего образования направления «Менеджмент», программ образовательного стандарта МВА «Стратегический менеджмент» и «Логистика», программы академической аспирантуры НИУ ВШЭ. Отличительной особенностью издания является не имеющее аналогов системное изложение комплекса вопросов управления опе­рационной средой бизнеса. Представлены современные тенденции, концепции и подходы к управлению. Определено место операционной системы бизнеса в менеджменте организации. Дано описание содержания операционной среды компании, ее характеристик, моделей организации и стандартов управления. Приведены процедуры разработки операционной стратегии бизнеса. Выде­лены пути повышения эффективности деятельности компании и развития процессного подхода к управлению на операционном, функционатьном, меж­функциональном и межорганизационном уровнях интеграции деятельности.Учебник предназначен для студентов, слушателей и преподавателей вузов, аспирантов, руководителей, специалистов и научных работников.
Idioma:rus
Publicat: Москва, Инфра-М, 2016
Col·lecció:Высшее образование - Магистратура
Matèries:
Format: MixedMaterials Llibre
KOHA link:https://koha.lib.tpu.ru/cgi-bin/koha/opac-detail.pl?biblionumber=318086

MARC

LEADER 00000nam0a2200000 4500
001 318086
005 20231102003036.0
010 |a 9785160068794 
035 |a (RuTPU)RU\TPU\book\343567 
090 |a 318086 
100 |a 20160420d2016 m y0rusy50 ca 
101 0 |a rus 
102 |a RU 
105 |a y j 001zy 
200 1 |a Управление операционной средой организации  |e учебник  |f Н. К. Моисеева, А. Н. Стерлигова  |g Высшая школа экономики (ГУ-ВШЭ), Высшая школа менеджмента (ВШМ) 
210 |a Москва  |c Инфра-М  |d 2016 
215 |a 336 с. 
225 1 |a Высшее образование - Магистратура 
320 |a Библиогр.: с. 326-336 
330 |a Учебник содержит материал по комплекс) дисциплин, связанных с операционной средой принятия управленческих решений. Данные дисциплины изучаются в рамках программ высшего и дополнительного высшего образования направления «Менеджмент», программ образовательного стандарта МВА «Стратегический менеджмент» и «Логистика», программы академической аспирантуры НИУ ВШЭ. Отличительной особенностью издания является не имеющее аналогов системное изложение комплекса вопросов управления опе­рационной средой бизнеса. Представлены современные тенденции, концепции и подходы к управлению. Определено место операционной системы бизнеса в менеджменте организации. Дано описание содержания операционной среды компании, ее характеристик, моделей организации и стандартов управления. Приведены процедуры разработки операционной стратегии бизнеса. Выде­лены пути повышения эффективности деятельности компании и развития процессного подхода к управлению на операционном, функционатьном, меж­функциональном и межорганизационном уровнях интеграции деятельности.Учебник предназначен для студентов, слушателей и преподавателей вузов, аспирантов, руководителей, специалистов и научных работников. 
606 1 |a Организационное проектирование  |2 stltpush  |3 (RuTPU)RU\TPU\subj\69893  |9 84555 
610 1 |a менеджмент 
610 1 |a организации 
610 1 |a управление 
610 1 |a операционная среда 
610 1 |a теория 
610 1 |a история 
610 1 |a классификация 
610 1 |a методология 
610 1 |a экономические показатели 
610 1 |a планирование 
610 1 |a оценка 
610 1 |a операционные стратегии 
610 1 |a учебники 
686 |a У9(2)29-2я73  |v LBC/SL-A  |2 rubbk 
700 1 |a Моисеева  |b Н. К. 
701 1 |a Стерлигова  |b А. Н. 
712 0 2 |a Высшая школа экономики (ГУ-ВШЭ)  |b Высшая школа менеджмента (ВШМ)  |c (Москва)  |2 stltpush  |3 (RuTPU)RU\TPU\col\5930 
801 1 |a RU  |b 63413507  |c 20160420 
801 2 |a RU  |b 63413507  |c 20160603  |g RCR 
900 |a Управленческие решения 
942 |c BK 
959 |a 29/20160310  |d 1  |e 744,90  |f ЧЗГЛ:1